Business driven information systems (Record no. 77882)

MARC details
000 -LEADER
fixed length control field 01331nam a2200241 a 4500
008 - FIXED-LENGTH DATA ELEMENTS--GENERAL INFORMATION
fixed length control field 090708s2008 ||||||||||||||||| || u
020 ## - INTERNATIONAL STANDARD BOOK NUMBER
International Standard Book Number 9780073195582
050 ## - LIBRARY OF CONGRESS CALL NUMBER
Classification number HD 30.2 Bal
100 ## - MAIN ENTRY--PERSONAL NAME
Personal name Phillips, Amy
245 10 - TITLE STATEMENT
Title Business driven information systems
Statement of responsibility, etc. Paige Baltzan and Amy Phillips
260 ## - PUBLICATION, DISTRIBUTION, ETC.
Place of publication, distribution, etc. New York:
Name of publisher, distributor, etc. McGraw-Hill
Date of publication, distribution, etc. 2008
300 ## - PHYSICAL DESCRIPTION
Extent xxix, 489p.: ill + MISource 2007 CD-ROM
350 ## -
-- 0.00
500 ## - GENERAL NOTE
General note Accompanied by a CD-Rom available in the cybrary
650 ## - SUBJECT ADDED ENTRY--TOPICAL TERM
Topical term or geographic name entry element INFORMATION TECHNOLOGY--MANAGEMENT
650 ## - SUBJECT ADDED ENTRY--TOPICAL TERM
Topical term or geographic name entry element INDUSTRIAL MANAGEMENT--DATA PROCESSING
650 #0 - SUBJECT ADDED ENTRY--TOPICAL TERM
Topical term or geographic name entry element BUSINESS
700 ## - ADDED ENTRY--PERSONAL NAME
Personal name Baltzan, Paige
995 ## -
-- MAIN LIBRARY OPEN ACCESS
-- 0.00
-- 740267
-- CBU-MAIN LIBRARY (Kitwe)
-- 1
-- 0.00
-- HD 30.2 Bal
-- 3
-- AVAILABLE
-- Aug 26, 2009
-- 740267
-- Main Library Open Access Collection
995 ## -
-- ANNEX COLLECTION (Main Library)
-- 0.00
-- 740268
-- CBU-MAIN LIBRARY (Kitwe)
-- 1
-- 0.00
-- HD 30.2 Bal
-- 4
-- AVAILABLE
-- Aug 26, 2009
-- 740268
-- Annex Low-Usage Collection
995 ## -
-- ANNEX COLLECTION (Main Library)
-- 0.00
-- 740266
-- CBU-MAIN LIBRARY (Kitwe)
-- 1
-- 0.00
-- HD 30.2 Bal
-- 2
-- AVAILABLE
-- Aug 26, 2009
-- 740266
-- Annex Low-Usage Collection
995 ## -
-- MAIN LIBRARY OPEN ACCESS
-- 0.00
-- 740265
-- CBU-MAIN LIBRARY (Kitwe)
-- 1
-- 0.00
-- HD 30.2 Bal
-- 1
-- AVAILABLE
-- Aug 26, 2009
-- 740265
-- Main Library Open Access Collection
999 ## -
-- 77882
-- 77882
Holdings
Withdrawn status Lost status Source of classification or shelving scheme Damaged status Not for loan Permanent Location Current Location Shelving location Date acquired Total Checkouts Full call number Barcode Date last seen Copy number Price effective from Koha item type
          CBU-MAIN LIBRARY, KITWE. CBU-MAIN LIBRARY, KITWE.   05/03/2023   HD 30.2 Bal 740267 05/03/2023 1 05/03/2023 MONOGRAPH
          CBU-MAIN LIBRARY, KITWE. CBU-MAIN LIBRARY, KITWE.   05/03/2023   HD 30.2 Bal 740268 05/03/2023 2 05/03/2023 MONOGRAPH
Withdrawn         CBU-MAIN LIBRARY, KITWE. CBU-MAIN LIBRARY, KITWE.   05/03/2023   HD 30.2 Bal 740266 05/03/2023 3 05/03/2023 MONOGRAPH
          CBU-MAIN LIBRARY, KITWE. CBU-MAIN LIBRARY, KITWE.   05/03/2023   HD 30.2 Bal 740265 05/03/2023 4 05/03/2023 MONOGRAPH